Quantum statistical field theory : an introduction to Schwinger's variational method with Green's function nanoapplications, graphene and superconductivity (Record no. 82958)

MARC details
000 -LEADER
fixed length control field 00810nam a22002297a 4500
003 - CONTROL NUMBER IDENTIFIER
control field CBULib
005 - DATE AND TIME OF LATEST TRANSACTION
control field 20231113130706.0
008 - FIXED-LENGTH DATA ELEMENTS--GENERAL INFORMATION
fixed length control field 231010b |||||||| |||| 00| 0 eng d
020 ## - INTERNATIONAL STANDARD BOOK NUMBER
International Standard Book Number 9780198791942
040 ## - CATALOGING SOURCE
Language of cataloging English
Transcribing agency CBULib
Description conventions rda
041 ## - LANGUAGE CODE
Language code of text/sound track or separate title eng
050 ## - LIBRARY OF CONGRESS CALL NUMBER
Classification number QC 174.45 Hor
100 ## - MAIN ENTRY--PERSONAL NAME
9 (RLIN) 819
Personal name Horing, Norman J. Morgenstern
245 ## - TITLE STATEMENT
Title Quantum statistical field theory : an introduction to Schwinger's variational method with Green's function nanoapplications, graphene and superconductivity
Statement of responsibility, etc / by Norman J. Morgenstern Horing
260 ## - PUBLICATION, DISTRIBUTION, ETC. (IMPRINT)
Place of publication, distribution, etc Oxford :
Name of publisher, distributor, etc Oxford University Press,
Date of publication, distribution, etc 2017
300 ## - PHYSICAL DESCRIPTION
Extent xv, 434 pages : illustrations
336 ## - CONTENT TYPE
Source rdacontent
Content type term Text |
337 ## - MEDIA TYPE
Source rdamedia
Media type term Unmediated |
338 ## - CARRIER TYPE
Source rdacarrier
Carrier type term Volume
650 #0 - SUBJECT ADDED ENTRY--TOPICAL TERM
9 (RLIN) 192
Topical term or geographic name as entry element QUANTUM FIELD THEORY
942 ## - ADDED ENTRY ELEMENTS (KOHA)
Source of classification or shelving scheme
Koha item type MONOGRAPH
Holdings
Withdrawn status Lost status Source of classification or shelving scheme Damaged status Not for loan Collection code Permanent Location Current Location Shelving location Date acquired Source of acquisition Cost, normal purchase price Total Checkouts Full call number Barcode Date last seen Copy number Price effective from Koha item type
          Main Library Open Access Collection CBU-MAIN LIBRARY, KITWE. CBU-MAIN LIBRARY, KITWE. General Stacks 10/10/2023 DON-BOOKAID 110.40   QC 174.45 Hor 752488 10/10/2023 1 10/10/2023 MONOGRAPH